| 000 | 00471nam a2200157Ia 4500 | ||
|---|---|---|---|
| 008 | 250916s9999 xx 000 0 und d | ||
| 020 | _a978-1-119-74174-9 | ||
| 082 | _a006.312 GUT | ||
| 100 | _aGutman, Alex J. | ||
| 245 | 0 |
_aBecoming a data head: _bhow to think, speak, and understand data science, statistics, and machine learning |
|
| 250 | _a1st | ||
| 260 |
_aNew York: _bJohn Wiley & Sons, _c2021 |
||
| 300 | _a226 p. | ||
| 600 | _aComputer Science | ||
| 942 | _cBK | ||
| 999 |
_c31596 _d31596 |
||